000 00646nam a2200217 a 4500
001 000026252
005 20240412074252.0
008 110307s2007 dr r 000 j spa d
020 _a9993403433
040 _aDO-SdBNP
_bspa
_cBNPHU
082 _aRD863.44
_bS787m, 2007
100 1 _aStanley, Avelino,
_d1959-
_91536
245 1 3 _aLa máscara del tiempo /
_cAvelino Stanley.
250 _a4a. ed.
260 _aSanto Domingo :
_bBúho,
_c2007.
300 _a98 p. ;
_c22 cm.
590 _aInventariado, 2018/BT
650 0 _aCuentos dominicanos
_9176
650 0 _aLiteratura dominicana.
_967
910 _aValidado. Control de calidad. MMOLINA
999 _c25744
_d25744